000 01642nam a22001937a 4500
008 250703b |||||||| |||| 00| 0 eng d
020 _a9781035030880
040 _ctbs
041 _aeng
050 _aPS3608.E543
_bW58 2025
100 _aHendrix, Grady
_925651
_eauthor
245 _aWitchcraft for wayward girls
_c/ Grady Hendrix.
260 _aNew York, NY :
_bBerkley,
_c2025.
300 _a482 pages :
_billustrations ;
_c24 cm.
520 _aThey call them wayward girls. Loose girls. Girls who grew up too fast. And they're sent to the Wellwood House in St. Augustine, Florida, where unwed mothers are hidden by their families to have their babies in secret, give them up for adoption, and most important of all, to forget any of it ever happened. Fifteen-year-old Fern arrives at the home in the sweltering summer of 1970, pregnant, terrified and alone. There, she meets a dozen other girls in the same predicament. Rose, a hippie who insists she's going to keep her baby and escape to a commune. Zinnia, a budding musician who plans to marry her baby's father. And Holly, barely fourteen, mute and pregnant by no-one-knows-who. Every moment of their waking day is strictly controlled by adults who claim they know what's best for them. Then Fern meets a librarian who gives her an occult book about witchcraft, and power is in the hands of the girls for the first time in their lives. But power can destroy as easily as it creates, and it's never given freely. There's always a price to be paid...and it's usually paid in blood.
650 0 _aWitchcraft
_vFiction
_925652
655 0 _aParanormal fiction
_922925
942 _2lcc
999 _c4819
_d4819